Κοινωνικοοινομική αξιολόγηση της μετακίνησης εμπορευματικών φορρτίων και επιβατών από το οδικό στο σιδηροδρομικό δίκτυο. Εφαρμογή στον οδικό και σιδηροδρμικό άξονα(Πατρών - Αθήνών - Θεσσαλονίκης) : διπλωματική εργασία
Saved in:
| Main Author: | |
|---|---|
| Corporate Author: | |
| Other Authors: | , , |
| Format: | Thesis Book |
| Language: | Greek |
| Published: |
2007
|
| Subjects: | |
| Online Access: | http://hdl.handle.net/11610/8556 |
| Tags: |
Add Tag
No Tags, Be the first to tag this record!
|
MARC
| LEADER | 00000cam a2200000 i 4500 | ||
|---|---|---|---|
| 001 | 1/64253 | ||
| 008 | 071123s2003 gre d | ||
| 035 | |l 10092511 | ||
| 040 | |a GR-MY-UA |b gre |e aacr | ||
| 041 | 0 | |a gre | |
| 082 | 0 | |a 380.5 |2 (22) | |
| 100 | 1 | |a Μαρίνη, Ιωάννα. | |
| 245 | 1 | 0 | |a Κοινωνικοοινομική αξιολόγηση της μετακίνησης εμπορευματικών φορρτίων και επιβατών από το οδικό στο σιδηροδρομικό δίκτυο. Εφαρμογή στον οδικό και σιδηροδρμικό άξονα(Πατρών - Αθήνών - Θεσσαλονίκης) : |b διπλωματική εργασία / |c Ιωάννα Μαρίνη ; Κωνσταντίνος Ζαφειριάδης, επιβλέπων καθηγητής ; Μιχαήλ Γλύκας, μέλος επιτροπής ; Παναγιώτης Βασιλάκης, μέλος επιτροπής |
| 260 | |c 2007 | ||
| 300 | |a 161 σ.; |b σχ., πιν.; |c 30 εκ. | ||
| 502 | # | # | |a Πτυχιακή εργασία – Πανεπιστήμιο Αιγαίου, Χίος, 2007. |
| 504 | |a Περιλαμβάνει βιβλιογραφία | ||
| 610 | 2 | 0 | |a Πανεπιστήμιο Αιγαίου. |
| 650 | 0 | 0 | |a Transportation. |
| 650 | 0 | 0 | |a Train tracks. |
| 700 | 1 | |a Ζαφειριάδης, Κωνσταντίνος. |4 ths | |
| 700 | 1 | |a Γλύκας, Μιχαήλ. |4 ths | |
| 700 | 0 | |a Βασιλάκης, Παναγιώτης Β. |4 ths | |
| 710 | 1 | |a Πανεπιστήμιο Αιγαίου Τμήμα Μηχανικών Οικονομίας και Διοίκησης - Τ.Μ.Ο.Δ. |b Σχολή Επιστημών της Διοίκησης. | |
| 852 | |a INST |b CHIOS |c DIATR |e 20071123 |h 380.5 ΜΑΡ |p 005200028343 |q 005200028343 |t DIE |y 23 | ||
| 852 | |a INST |b CHIOS |c DIATR |e 20071123 |h 380.5 ΜΑΡ |p 005200031151 |q 005200031151 |t DIE |y 23 | ||
| 856 | |u http://hdl.handle.net/11610/8556 | ||
| 901 | |a BIBL2-2007-3 | ||
| 909 | |a Χ |b 131433 | ||
| 909 | |a Χ |b 131434 | ||
| 924 | |a ΜΑΡΙΝΗ |b ΙΩΑΝΝΑ |y ΧΙΟΣ |z 2007-11 | ||
| 970 | |a ΑΤΣΑΛΗ |b ΔΕΣΠΟΙΝΑ |z 2007/11/23 | ||